header

The role of the World Trade Organization in global governance (Record no. 21039)

MARC details
000 -LEADER
fixed length control field 01464nam a22003734a 4500
082 04 - DEWEY DECIMAL CLASSIFICATION NUMBER
Classification number 382/.92
245 04 - TITLE STATEMENT
Title The role of the World Trade Organization in global governance
260 ## - PUBLICATION, DISTRIBUTION, ETC. (IMPRINT)
Place of publication Tokyo ;
-- New York :
Name of publisher United Nations University Press,
Year of publication c2001.
300 ## - PHYSICAL DESCRIPTION
Number of Pages x, 298 p.
650 #0 - SUBJECT ADDED ENTRY--TOPICAL TERM
Topical Term Foreign trade regulation.
Topical Term Commercial policy.
Topical Term Free trade
Topical Term Free trade
Topical Term International economic relations.
Topical Term Globalization.
700 1# - ADDED ENTRY--PERSONAL NAME
Personal name Sampson, Gary P.
856 40 - ELECTRONIC LOCATION AND ACCESS
Uniform Resource Identifier http://site.ebrary.com/lib/rucke/Doc?id=5006037

No items available.

© 2026 Rongo University
Contact us: librarian | system librarian | Rongo university